Kader Eintracht Braunschweig - Statistiken

Allgemein
  • Dieses Quiz wurde 126 mal gespielt
    88 seit der letzten Aktualisierung
  • Das Durchschnittsergebnis liegt bei 13 aus 29
Antwortstatistiken
# Spieler % Korrekt
1 Ron-Thorben Hoffmann
94%
39 Robin Krauße
83%
37 Fabio Kaufmann
75%
44 Johan Gómez
75%
14 Anthony Ujah
71%
5 Robert Ivanov
67%
9 Rayan Philippe
62%
4 Jannis Nikolaou
60%
19 Anton Donkor
59%
18 Marvin Rittmüller
59%
Jens Härtel
54%
13 Tino Casali
51%
7 Maurice Multhaup
44%
27 Niko Kijewski
44%
29 Hasan Kurucay
43%
3 Saulo Decarli
43%
24 Sidi Sané
41%
26 Jan-Hendrik Marx
37%
34 Justin Duda
32%
17 Youssef Amyn
32%
30 Brian Behrendt
30%
11 Luc Ihorst
30%
23 Danilo Wiebe
29%
33 Sebastian Griesbeck
22%
21 Yannik Bangsow
19%
25 Emil Kischka
16%
8 Keita Endo
14%
22 Rami Zouaoui
11%
36 Kaan Calisanker
0%
Keine übereinstimmenden Quizze gefunden
Verteilung der Resultate
Anzahl Personen mit jedem Resultat
Perzentil nach korrekt beantworteten Fragen
Ihre Resultats-Entwicklung
Sie haben dieses Quiz seit der letzten Aktualisierung nicht gespielt